Open Data Biblioteca Nacional de Portugal


República Portuguesa: Ministério da Cultura
Biblioteca Nacional de Portugal

Catálogo da BNP: acesso por Identificadores Unívocos
Registos Bibliográficos associados ao registo de autoridade

Etiqueta de registo: 00000nam 2200025 450
001 2283377
003 http://id.bnportugal.gov.pt/bib/catbnp/2283377
010 ## $a978-989-38-0860-3
021 ## $aPT$b558143/25
100 ## $a20260401d2026 m y0pory01030103ba
101 0# $apor
102 ## $aPT
105 ## $ay z 000ay
106 ## $ar
200 1# $aViver sem limites$ecrónicas de uma vida em Mogadíscio$fAndreia Fausto$gpref. Marcos Pinto
210 #9 $aLisboa$cPrimeiro Capítulo,$d2026
215 ## $a136, [2] p.$d23 cm
700 #1 $aFausto,$bAndreia$31994452
702 #1 $aPinto,$bMarcos,$f1979-$4080$31382212
801 #0 $aPT$bBN$gRPC
966 ## $lBN$mFGMON$x1
966 ## $lBN$mFGMON$x1
971 ## $corlando$d20260401

OpendataBNP@bnportugal.pt | Mais informação sobre acesso aos dados BNP